| 000 | 00649cam a2200229 a 4500 | ||
|---|---|---|---|
| 020 | _a9780077402327 (hard copy : alk. paper) | ||
| 020 | _a0077402324 (hard copy : alk. paper) | ||
| 040 | _cDLC | ||
| 082 | 0 | 0 | _a620 MCG 2013 A113 Or. |
| 100 | 1 | _aBeer, Ferdinand P. | |
| 245 | 1 | 0 | _aVector mechanics for engineers. |
| 250 | _a10th ed. | ||
| 260 |
_aNew York : _bMcGraw-Hill, _cc2013. |
||
| 300 |
_a1315 [63] p. : _bcol. ill. ; _c27 cm. |
||
| 500 | _aIncludes index. | ||
| 650 | 0 | _aDynamics. | |
| 650 | 0 | _aVector analysis. | |
| 650 | 0 | _aMechanics, Applied. | |
| 700 | 1 | _aJohnston, E. Russell | |
| 700 | 1 | _aCornwell, Phillip J. | |
| 942 | _cEK | ||
| 999 |
_c17397 _d17397 |
||